000 00793cam a2200253 4500
001 B2096
008 090401t1988 xxu||||| |||| 00| 0 eng d
035 _a(Sirsi) u47984
041 _aeng
050 _a333.76
110 _aMinistry of Agriculture
_91876
245 _aAgricultural land classification of England and Wales: revised guidelines and criteria for grading the quality of agricultural land
260 _aAlnwick,Northumberland
_bMinistry of Agriculture, Fisheries and F
_c1988
300 _av,52p. ; 30cm.
350 _a5.5
650 _aAGRICULTURAL LAND CLASSIFICATION
650 _aCLASSIFICATION
650 _aCLASSIFYING LAND
650 _aFARM LAND
650 _aLAND CLASSIFICATION
710 _aFisheries and Food
_91879
942 _n0
948 _c04/03/1997
999 _c92256
_d92256